Pays les plus proches de la Thaïlande - Statistiques

Statistiques générales
  • Ce quiz a été pris 799 fois
  • Le résultat moyen est 17 sur 20
Statistiques - réponses
km pays % Correct
115 Chine
98%
486 Inde
98%
0 Laos
96%
104 Viêt Nam
96%
0 Cambodge
95%
301 Indonésie
95%
0 Malaisie
92%
0 Birmanie
91%
1258 Népal
86%
579 Bangladesh
85%
524 Singapour
85%
2766 Corée du Sud
84%
2053 Japon
83%
2648 Pakistan
83%
1440 Philippines
83%
1810 Sri Lanka
82%
1734 Taïwan
82%
993 Bhoutan
80%
1341 Brunei
74%
2396 Mongolie
72%
Aucun quiz correspondant
Distribution des résultats
% des personnes avec chaque résultat
Percentile par nombre de réponses
Votre historique - résultats
Vous n’avez pas pris ce quiz